书目信息 |
| 题名: |
现代控制工程
|
|
| 作者: | 尾形克彦 著 | |
| 分册: | ||
| 出版信息: | 北京 电子工业出版社 2000.05 |
|
| 页数: | 931页 | |
| 开本: | 26cm | |
| 丛书名: | ||
| 单 册: | ||
| 中图分类: | TP273 | |
| 科图分类: | ||
| 主题词: | 自动化系统 | |
| 电子资源: | ||
| ISBN: | 7-5053-5395-0 | |
| 000 | 00580nam0 2200205 45 | |
| 001 | 0233932526 | |
| 005 | 2002110509253252 | |
| 010 | @a7-5053-5395-0@b压膜@dCNY 90.00 | |
| 100 | @a20021105d2000 km y0chiy0120 ea | |
| 101 | 0 | @achi |
| 102 | @aCN@b110000 | |
| 200 | 1 | @a现代控制工程@Axian dai kong zhi gong cheng@f(美)尾形克彦著@F(mei)wei xing ke yan zhu |
| 205 | @a3版 | |
| 210 | @a北京@c电子工业出版社@d2000.05 | |
| 215 | @a931页@d26cm | |
| 606 | 0 | @a自动化系统 |
| 690 | @aTP273@v3 | |
| 701 | 0 | @a尾形克彦@Awei xing ke yan@4著 |
| 801 | 0 | @aCN@bPFT@c20021105 |
| 905 | @dTP273@eW544 | |
| 现代控制工程/(美)尾形克彦著.-3版.-北京:电子工业出版社,2000.05 |
| 931页;26cm |
| ISBN 7-5053-5395-0(压膜):CNY 90.00 |
| ● |
| 相关链接 |
|
|
|
正题名:现代控制工程
索取号:TP273/W544
 
预约/预借
| 序号 | 登录号 | 条形码 | 馆藏地/架位号 | 状态 | 备注 |
| 1 | 359673 | 203596732 | 自科库301/301自科库 71排2列4层/ [索取号:TP273/W544] | 在馆 | |
| 2 | 359674 | 203596741 | 期刊室512/504自科库 2排1列5层/ [索取号:TP273/W544] | 在馆 | |
| 3 | 359675 | 203596750 | 自科二线504/504自科库 15排2列2层/ [索取号:TP273/W544] | 在馆 | |
| 4 | 394789 | 203947890 | 期刊室512/504自科库 2排1列5层/ [索取号:TP273/W544] | 在馆 | |
| 5 | 394790 | 203947907 | 自科二线404/404自科库 9排2列6层/ [索取号:TP273/W544] | 在馆 | |
| 6 | 394791 | 203947916 | 自科库301/301自科库 71排2列4层/ [索取号:TP273/W544] | 在馆 |